<?xml version="1.0" encoding="UTF-8"?>
<record
    xmlns:xsi="http://www.w3.org/2001/XMLSchema-instance"
    xsi:schemaLocation="http://www.loc.gov/MARC21/slim http://www.loc.gov/standards/marcxml/schema/MARC21slim.xsd"
    xmlns="http://www.loc.gov/MARC21/slim">

  <leader>00340nam a2200145Ia 4500</leader>
  <controlfield tag="008">191201s2012    xx            000 0 und d</controlfield>
  <datafield tag="082" ind1=" " ind2=" ">
    <subfield code="a">658.5</subfield>
    <subfield code="b">MCO</subfield>
  </datafield>
  <datafield tag="100" ind1=" " ind2=" ">
    <subfield code="a">MCSHANE, Steven L</subfield>
  </datafield>
  <datafield tag="245" ind1=" " ind2="0">
    <subfield code="a">Organizational Behavior</subfield>
  </datafield>
  <datafield tag="250" ind1=" " ind2=" ">
    <subfield code="a">3rd</subfield>
  </datafield>
  <datafield tag="260" ind1=" " ind2=" ">
    <subfield code="a">N.Delhi</subfield>
    <subfield code="b">Tata Mc Graw Hill</subfield>
    <subfield code="c">2012</subfield>
  </datafield>
  <datafield tag="300" ind1=" " ind2=" ">
    <subfield code="a">793</subfield>
  </datafield>
  <datafield tag="650" ind1=" " ind2=" ">
    <subfield code="a">MBA</subfield>
  </datafield>
  <datafield tag="942" ind1=" " ind2=" ">
    <subfield code="2">ddc</subfield>
    <subfield code="c">BK</subfield>
  </datafield>
  <datafield tag="999" ind1=" " ind2=" ">
    <subfield code="c">3217</subfield>
    <subfield code="d">3217</subfield>
  </datafield>
  <datafield tag="952" ind1=" " ind2=" ">
    <subfield code="0">0</subfield>
    <subfield code="1">0</subfield>
    <subfield code="2">ddc</subfield>
    <subfield code="4">0</subfield>
    <subfield code="7">0</subfield>
    <subfield code="8">MBA</subfield>
    <subfield code="a">PIET</subfield>
    <subfield code="b">PIET</subfield>
    <subfield code="d">2007-09-14</subfield>
    <subfield code="e">UDH, Delhi</subfield>
    <subfield code="g">375.00</subfield>
    <subfield code="k">1575</subfield>
    <subfield code="l">1</subfield>
    <subfield code="o">658.3 MCO</subfield>
    <subfield code="p">7861</subfield>
    <subfield code="r">2023-11-25 00:00:00</subfield>
    <subfield code="s">2022-01-22</subfield>
    <subfield code="w">2007-08-31</subfield>
    <subfield code="y">BK</subfield>
    <subfield code="z">.</subfield>
  </datafield>
  <datafield tag="952" ind1=" " ind2=" ">
    <subfield code="0">0</subfield>
    <subfield code="1">0</subfield>
    <subfield code="2">ddc</subfield>
    <subfield code="4">0</subfield>
    <subfield code="7">0</subfield>
    <subfield code="8">MBA</subfield>
    <subfield code="a">PIET</subfield>
    <subfield code="b">PIET</subfield>
    <subfield code="d">2007-09-14</subfield>
    <subfield code="e">UDH, Delhi</subfield>
    <subfield code="g">375.00</subfield>
    <subfield code="k">1575</subfield>
    <subfield code="l">0</subfield>
    <subfield code="o">658.3 MCO</subfield>
    <subfield code="p">7863</subfield>
    <subfield code="r">2019-12-04 00:00:00</subfield>
    <subfield code="w">2007-08-31</subfield>
    <subfield code="y">BK</subfield>
  </datafield>
  <datafield tag="952" ind1=" " ind2=" ">
    <subfield code="0">0</subfield>
    <subfield code="1">0</subfield>
    <subfield code="2">ddc</subfield>
    <subfield code="4">0</subfield>
    <subfield code="7">0</subfield>
    <subfield code="8">MBA</subfield>
    <subfield code="a">PIET</subfield>
    <subfield code="b">PIET</subfield>
    <subfield code="d">2007-09-14</subfield>
    <subfield code="e">UDH, Delhi</subfield>
    <subfield code="g">375.00</subfield>
    <subfield code="k">1575</subfield>
    <subfield code="l">1</subfield>
    <subfield code="o">658.3 MCO</subfield>
    <subfield code="p">7864</subfield>
    <subfield code="r">2023-07-10 00:00:00</subfield>
    <subfield code="s">2023-06-19</subfield>
    <subfield code="w">2007-08-31</subfield>
    <subfield code="y">BK</subfield>
  </datafield>
  <datafield tag="952" ind1=" " ind2=" ">
    <subfield code="0">0</subfield>
    <subfield code="1">0</subfield>
    <subfield code="2">ddc</subfield>
    <subfield code="4">0</subfield>
    <subfield code="7">0</subfield>
    <subfield code="8">MBA</subfield>
    <subfield code="a">PIET</subfield>
    <subfield code="b">PIET</subfield>
    <subfield code="d">2007-09-28</subfield>
    <subfield code="e">J B C, New Delhi</subfield>
    <subfield code="g">375.00</subfield>
    <subfield code="k">1092</subfield>
    <subfield code="l">0</subfield>
    <subfield code="o">658.3 MCO</subfield>
    <subfield code="p">8409</subfield>
    <subfield code="r">2019-12-04 00:00:00</subfield>
    <subfield code="w">2007-09-24</subfield>
    <subfield code="y">BK</subfield>
  </datafield>
  <datafield tag="952" ind1=" " ind2=" ">
    <subfield code="0">0</subfield>
    <subfield code="1">0</subfield>
    <subfield code="2">ddc</subfield>
    <subfield code="4">0</subfield>
    <subfield code="7">0</subfield>
    <subfield code="8">MBA</subfield>
    <subfield code="a">PIET</subfield>
    <subfield code="b">PIET</subfield>
    <subfield code="d">2007-09-28</subfield>
    <subfield code="e">J B C, New Delhi</subfield>
    <subfield code="g">375.00</subfield>
    <subfield code="k">1092</subfield>
    <subfield code="l">0</subfield>
    <subfield code="o">658.3 MCO</subfield>
    <subfield code="p">8410</subfield>
    <subfield code="r">2019-12-04 00:00:00</subfield>
    <subfield code="w">2007-09-24</subfield>
    <subfield code="y">BK</subfield>
  </datafield>
  <datafield tag="952" ind1=" " ind2=" ">
    <subfield code="0">0</subfield>
    <subfield code="1">0</subfield>
    <subfield code="2">ddc</subfield>
    <subfield code="4">0</subfield>
    <subfield code="7">0</subfield>
    <subfield code="8">MBA</subfield>
    <subfield code="a">PIET</subfield>
    <subfield code="b">PIET</subfield>
    <subfield code="d">2007-09-28</subfield>
    <subfield code="e">J B C, New Delhi</subfield>
    <subfield code="g">375.00</subfield>
    <subfield code="k">1092</subfield>
    <subfield code="l">0</subfield>
    <subfield code="o">658.3 MCO</subfield>
    <subfield code="p">8411</subfield>
    <subfield code="r">2019-12-04 00:00:00</subfield>
    <subfield code="w">2007-09-24</subfield>
    <subfield code="y">BK</subfield>
  </datafield>
  <datafield tag="952" ind1=" " ind2=" ">
    <subfield code="0">0</subfield>
    <subfield code="1">0</subfield>
    <subfield code="2">ddc</subfield>
    <subfield code="4">0</subfield>
    <subfield code="7">0</subfield>
    <subfield code="8">MBA</subfield>
    <subfield code="a">PIET</subfield>
    <subfield code="b">PIET</subfield>
    <subfield code="d">2007-09-28</subfield>
    <subfield code="e">J B C, New Delhi</subfield>
    <subfield code="g">375.00</subfield>
    <subfield code="k">1092</subfield>
    <subfield code="l">0</subfield>
    <subfield code="o">658.3 MCO</subfield>
    <subfield code="p">8412</subfield>
    <subfield code="r">2019-12-04 00:00:00</subfield>
    <subfield code="w">2007-09-24</subfield>
    <subfield code="y">BK</subfield>
  </datafield>
</record>
